000 00420nam a2200157Ia 4500
008 210716s1991 xx 000 0 und d
020 _a156276022X
041 _aeng
082 _a004.68 FREL
100 _aFreed, Les; Derfler, Frank J.
245 _aPc magazine guide to using netware.
250 _a1
260 _aCalifornia
_bZiff Davis Press
_c1991
300 _axix,318
650 _aLocal Area Networks(004.68)
999 _c182942
_d182942